000
00244nam a2200097Ia 4500
001
689246
005
20250826161630.0
008
250824s9999 xx 000 0 und d
245
0
_a
MASAL MASAL İÇİNDE
_c
AHMET ÜMİT
260
_b
EVEREST YAYINLARI
999
_c
689246
_d
689246